Регионална библиотека "Любен Каравелов" - Русе

Едит Пиаф (Запис номер 114511)

MARC детайли
000 -Лидер
Контролно поле с фиксирана дължина 02177nam a2200457 c 4500
003 - Код на организацията, давaща контролен номер
Контролно поле BLK
005 - Дата и час на последна редакция
Контролно поле 20250320134715.0
008 - Елементи от данни с фиксирана дължина
fixed length control field 180409b bul|||||r ||||||| ||bul||
010 ## - Наследен системен номер
LC control number KNG00119942000
040 ## - Източник на каталожния запис
Идентификатор на билиотеката - собственик на записа BLK
041 ## - Код за език
Код за езика на текст/звукозапис или на отделно заглавие Български
Код за езика КДБФ Български
080 ## - УДК
Текстов определител УДК Френска литература
УДК код - определител по УДК 821.133.1
УДК определител -322.6
УДК - код + определител 821.133.1-322.6
080 ## - УДК
Текстов определител УДК Други видове песни. Изпълнители
УДК код - определител по УДК 784.7.071.2
УДК определител (44)(092)(0:82-3)
УДК - код + определител 784.7.071.2(44)(092)(0:82-3)
080 ## - УДК
Текстов определител УДК Едит Джована Гасион. Френска естрадна певица, представителка на френския шансон, смятана за символ на Франция
УДК код - определител по УДК 929 Пиаф, Едит
УДК - код + определител 929 Пиаф, Едит
100 1# - Редна дума - Автор
Автор Берто, Симон
Авторска отговорност първи автор
R(LIN) 313525
139 ## - Редно поле
Редна дума Берто, Симон
Авторски знак Беро - Б 40
245 10 - Сведения за заглавието
Заглавие Едит Пиаф
Подзаглавни данни Биогр. повест
Редно поле (дума) Симон Берто; прев. от фр. Никола Ненов Шивачев; предг. от Олга Владимирова Шурбанова.
257 ## - Страна на издаване
Страна на създаване/издаване Франция
260 ## - Област на издателските данни
Име на издателя, разпространителя и проч. Музика
Година на издаване 1982
300 ## - Физическа характеристика
Страници 504 с., 8 л.
Илюстрации и др. ил.
Размери/Мащаб 20 см
380 ## - Жанр
Жанр Худож. лит.
490 1# - СЕРИИ (Колекции)
Име на серия Книги за бележити музиканти
500 ## - Общи забележки
Забележка Ориг. загл. Piaf. - 100 109 тир.
600 14 - Име на лице, използвано като предмет
За него / За нея Пиаф, Едит
9 (RLIN) 285422
650 #4 - Допълнително описание по предмет – тема
Основно описание – тема или топоним Пиаф, Едит
9 (RLIN) 285422
650 #4 - Допълнително описание по предмет – тема
Основно описание – тема или топоним Естрадни изпълнители, френски
9 (RLIN) 279269
650 #4 - Допълнително описание по предмет – тема
Основно описание – тема или топоним Певци, естрадни
9 (RLIN) 313526
650 #4 - Допълнително описание по предмет – тема
Основно описание – тема или топоним Певци, френски
9 (RLIN) 313527
651 #4 - Допълнително описание по предмет - топоним
Географско понятие Франция
9 (RLIN) 179722
653 ## - Ключова дума – ненормативна
Ключова дума Едит Пиаф
653 ## - Ключова дума – ненормативна
Ключова дума романизувани биографии
700 1# - Други автори (авторска отговорност)
Лично име Шивачев, Никола Ненов
Автороска отговорност (Описва отношението между автора и произведението) прев. от фр.
9 (RLIN) 376065
700 ## - Други автори (авторска отговорност)
Лично име Шурбанова, Олга Владимирова
Дати, свързани с автора 1945-
9 (RLIN) 291365
852 ## - Местоположение
Форматна сигнатура Цб 113795
856 4# - Електронен адрес и достъп
Електронен формат pdf - файл
856 4# - Електронен адрес и достъп
Електронен формат pdf - файл
999 ## - СИСТЕМНИ КОНТРОЛНИ НОМЕРА
Koha biblionumber 114511
Koha biblioitemnumber 114511
942 ## - АРТИКУЛИ
Вид на библиотечния материал Книги
Скрит в OPAC Не
Периодичен библиозапис Да
Koha issues (borrowed), all copies 7
944 ## - СЪЗДАВАНЕ И РЕДАКЦИЯ на ЗАПИСА
Създаване/Редакция Създаване
Дата на регистрацията/редакция 19.10.2010
Статус, дата на статуса Мартин Енчев
Служител, извършил регистрацията/редакцията 30575
944 ## - СЪЗДАВАНЕ И РЕДАКЦИЯ на ЗАПИСА
Създаване/Редакция Редакция
Дата на регистрацията/редакция 24.02.2015
Статус, дата на статуса добави в АБ / 18.10.2010
Служител, извършил регистрацията/редакцията Виолета_Тройчева
999 ## - СИСТЕМНИ КОНТРОЛНИ НОМЕРА
Koha biblioitemnumber 114511
Наличности
Код за отписване Код за изгубен артикул Източник на класификационната схема Код за повреда Коз за рестрикции Код за отдаване Артикулен № Име на библиотеката - собственик Име на библиотеката, в която се намира в момента Статус (Текущо местоположение) Дата на вписване в системата Местоположение - отдел Цена в лева Инвентарен номер Систематично азбучна сигнатура Баркод Номер на екземпляра Цена в евро Служебна бележка Служебен тип на артикула
  Не е изгубен Universal Decimal Classification Не е повреден без рестрикции ползва се в читалня 183542 Регионална библиотека "Любен Каравелов" Русе Регионална библиотека "Любен Каравелов" Русе Хранилище 1982-01-01 Хранилище 2.87 350512 Цб 113795 120000350512 1 1.47 Дост: Dp Вид: Д N: стар фонд Дата: 01.01.1982 Книги
Изтеглен Не е изгубен Universal Decimal Classification Не е повреден без рестрикции заемане за дома 183543 Регионална библиотека "Любен Каравелов" Русе Регионална библиотека "Любен Каравелов" Русе Заемна - подръчен фонд 1982-01-01 Заемна - подръчен фонд 2.87 348449 П 840-32/Б 40 348449 2 1.47 Дост: Pk Вид: Ф N: стар фонд Дата: 01.01.1982 Книги
Изтеглен Не е изгубен Universal Decimal Classification Не е повреден без рестрикции заемане за дома 183544 Регионална библиотека "Любен Каравелов" Русе Регионална библиотека "Любен Каравелов" Русе Заемна - подръчен фонд 1982-01-01 Заемна - подръчен фонд 2.87 348452 П 840-32/Б 40 348452 3 1.47 Дост: Pk Вид: Ф N: стар фонд Дата: 01.01.1982 Книги
Изтеглен Не е изгубен Universal Decimal Classification Не е повреден без рестрикции заемане за дома 183545 Регионална библиотека "Любен Каравелов" Русе Регионална библиотека "Любен Каравелов" Русе Заемна - подръчен фонд 1982-01-01 Заемна - подръчен фонд 2.87 348453 П 840-32/Б 40 348453 4 1.47 Дост: Pk Вид: Ф N: стар фонд Дата: 01.01.1982 Книги
Изтеглен Не е изгубен Universal Decimal Classification Не е повреден без рестрикции заемане за дома 183546 Регионална библиотека "Любен Каравелов" Русе Регионална библиотека "Любен Каравелов" Русе Заемна - подръчен фонд 1982-01-01 Заемна - подръчен фонд 2.87 348454 П 840-32/Б 40 348454 5 1.47 Дост: Pk Вид: Ф N: стар фонд Дата: 01.01.1982 Книги
Изтеглен Не е изгубен Universal Decimal Classification Не е повреден без рестрикции заемане за дома 183547 Регионална библиотека "Любен Каравелов" Русе Регионална библиотека "Любен Каравелов" Русе Заемна - подръчен фонд 1982-01-01 Заемна - подръчен фонд 2.87 348455 П 840-32/Б 40 348455 6 1.47 Дост: Pk Вид: Ф N: стар фонд Дата: 01.01.1982 Книги
Изтеглен Не е изгубен Universal Decimal Classification Не е повреден без рестрикции заемане за дома 183548 Регионална библиотека "Любен Каравелов" Русе Регионална библиотека "Любен Каравелов" Русе Заемна - подръчен фонд 1982-01-01 Заемна - подръчен фонд 2.87 348457 П 840-32/Б 40 348457 7 1.47 Дост: Pk Вид: Ф N: стар фонд Дата: 01.01.1982 Книги
Изтеглен Не е изгубен Universal Decimal Classification Не е повреден без рестрикции заемане за дома 183549 Регионална библиотека "Любен Каравелов" Русе Регионална библиотека "Любен Каравелов" Русе Заемна - подръчен фонд 1982-01-01 Заемна - подръчен фонд 2.87 348458 П 840-32/Б 40 348458 8 1.47 Дост: Pk Вид: Ф N: стар фонд Дата: 01.01.1982 Книги
Изтеглен Не е изгубен Universal Decimal Classification Не е повреден без рестрикции заемане за дома 183550 Регионална библиотека "Любен Каравелов" Русе Регионална библиотека "Любен Каравелов" Русе Заемна - подръчен фонд 1982-01-01 Заемна - подръчен фонд 0.00 348463 П 840-32/Б 40 348463 9 0.00 Дост: Pk Вид: Ф N: стар фонд Дата: 01.01.1982 Книги
Изтеглен Не е изгубен Universal Decimal Classification Не е повреден без рестрикции заемане за дома 183551 Регионална библиотека "Любен Каравелов" Русе Регионална библиотека "Любен Каравелов" Русе Заемна - подръчен фонд 1982-01-01 Заемна - подръчен фонд 2.87 348464 П 840-32/Б 40 348464 10 1.47 Дост: Pk Вид: Ф N: стар фонд Дата: 01.01.1982 Книги
Изтеглен Не е изгубен   Не е повреден без рестрикции заемане за дома 183552 Регионална библиотека "Любен Каравелов" Русе Регионална библиотека "Любен Каравелов" Русе Заемна - подръчен фонд 2010-10-06 Заемна - подръчен фонд 8.00 120000746297 П 840-32/Б 40 120000746297 11 4.09 Дост: DA Вид: А N: 21 Дата: 06.10.2010 Дата инв: 09.02.2018 Бележки инв: П2018 Книги
  Не е изгубен Universal Decimal Classification Не е повреден без рестрикции заемане за дома 754733 Регионална библиотека "Любен Каравелов" Русе Регионална библиотека "Любен Каравелов" Русе Заемна - подръчен фонд 2020-01-29 Заемна - подръчен фонд 5.00   П 821-32/Б 40 120000842013   2.56   Книги
Vip Innovations Ltd, Rousse, Bulgaria 2025